[Event "ISR-ch op"]
[White "Levitan, Ronit"]
[Black "Snappir, Eitan"]
[Site "Acre"]
[Round "7"]
[Result "1-0"]
[Date "2024.01.27"]
[WhiteElo "2101"]
[BlackElo "1818"]
[PlyCount "83"]
[EventDate "2024.01.21"]
[EventType "swiss"]
[EventRounds "9"]
[EventCountry "ISR"]
[SourceTitle "CBM 218 Extra"]
[Source "ChessBase"]
[SourceDate "2024.03.31"]
[SourceVersion "1"]
[SourceVersionDate "2024.03.31"]
[SourceQuality "1"]

1. e4 c6 2. d4 d5 3. exd5 cxd5 4. Bd3 Nf6 5. h3 Nc6 6. c3 e6 7. Nf3 Bd6 8. 0-0 0-0 9. Re1 a6 10. Nbd2 Bd7 11. Ne5 b5 12. Ndf3 b4 13. Bg5 Be7 14. Qc2 h6 15. Bxf6 Bxf6 16. Nxc6 Bxc6 17. cxb4 Bb7 18. Ne5 Rc8 19. Qe2 Qd6 20. a3 Bd8 21. Rac1 Bb6 22. Rxc8 Rxc8 23. Bxa6 Bxa6 24. Qxa6 Qc7 25. Nf3 Ba7 26. g3 Bb8 27. Kg2 Qd8 28. Re3 Qe8 29. Rc3 Rd8 30. Qb6 Kh7 31. a4 Bd6 32. a5 Qe7 33. b5 Rd7 34. a6 f6 35. Rc6 Bc7 36. Qc5 Bd6 37. Qc2+ g6 38. b6 e5 39. a7 Rd8 40. Rc8 Rxc8 41. Qxc8 e4 42. Ng5+ 1-0

[Event "ISR-ch op"]
[White "Snappir, Eitan"]
[Black "Kochavi, Dana"]
[Site "Acre"]
[Round "3"]
[Result "0-1"]
[Date "2024.01.23"]
[WhiteElo "1818"]
[BlackElo "2121"]
[PlyCount "66"]
[EventDate "2024.01.21"]
[EventType "swiss"]
[EventRounds "9"]
[EventCountry "ISR"]
[SourceTitle "CBM 218 Extra"]
[Source "ChessBase"]
[SourceDate "2024.03.31"]
[SourceVersion "1"]
[SourceVersionDate "2024.03.31"]
[SourceQuality "1"]

1. e4 c5 2. Nf3 e6 3. d4 cxd4 4. Nxd4 Nc6 5. c3 Nf6 6. Bd3 Qc7 7. Nd2 Be7 8. N2f3 d6 9. 0-0 e5 10. Nb5 Qd8 11. h3 a6 12. Na3 0-0 13. Nc4 Ne8 14. Be3 b5 15. Nb6 Rb8 16. Nd5 Be6 17. a4 Nc7 18. axb5 axb5 19. Bb6 Bxd5 20. Bxc7 Qxc7 21. exd5 Na5 22. Qe2 b4 23. c4 f5 24. Nd2 e4 25. Bc2 b3 26. Bd1 Bf6 27. Rb1 Rfc8 28. f3 Qc5+ 29. Kh1 e3 30. Nxb3 Nxb3 31. Bc2 Nd2 32. Bxf5 Nxf1 33. Rxf1 Rxb2 0-1

[Event "ISR-ch op"]
[White "Tzidkiya, Yeshaayahu"]
[Black "Snappir, Eitan"]
[Site "Safed"]
[Round "1"]
[Result "1-0"]
[Date "2021.12.08"]
[WhiteElo "2394"]
[BlackElo "1861"]
[PlyCount "41"]
[EventDate "2021.12.08"]
[EventType "swiss"]
[EventRounds "9"]
[EventCountry "ISR"]
[SourceTitle "CBM 205 Extra"]
[Source "ChessBase"]
[SourceDate "2022.01.31"]
[SourceVersion "1"]
[SourceVersionDate "2022.01.31"]
[SourceQuality "1"]

1. e4 e6 2. d4 d5 3. e5 Ne7 4. Nf3 c5 5. c3 Nec6 6. Bd3 Nd7 7. 0-0 Be7 8. Na3 a6 9. Nc2 b5 10. a4 b4 11. c4 dxc4 12. Bxc4 cxd4 13. Re1 Qc7 14. Bf4 Na5 15. Bd3 Nc5 16. Ncxd4 Nxd3 17. Qxd3 Bb7 18. Rac1 Qd7 19. Red1 Rd8 20. Qe2 Qxa4 21. Ra1 1-0